Ústava Československej republiky z 9. mája 1948.

Uložené v:
Podrobná bibliografia
Médium: Kniha
Jazyk:Slovak
Vydané: Bratislava : Smena, 1952.
Vydanie:3. vyd. (v Smene 2)
Edícia:Knihy Fučíkovho odznaku sv. 9
ISBN: (brož.)
Fyzický popis: 93 s.
Tagy: Pridať tag
Žiadne tagy, Buďte prvý kto otaguje tento záznam!

MARC

LEADER 00000nam a2200000 a 4500
001 000169293
005 20170928172103.0
008 040101s1952 e sloo
020 |a (brož.)  |c Kčs 10,00 
040 |a SVKKK  |b slo  |c SVKKK  |e AACR2 
041 0 |a slo 
044 |a xo  |c SK 
245 0 0 |a Ústava Československej republiky z 9. mája 1948. 
250 |a 3. vyd. (v Smene 2) 
260 |a Bratislava :  |b Smena,  |c 1952. 
300 |a 93 s. 
490 1 |a Knihy Fučíkovho odznaku  |v sv. 9 
830 0 |a Knihy Fučíkovho odznaku  |v sv. 9 
910 |a svkkk 
998 |a BK 
090 |g SCKHL  |k Sklad Hlavná 10 suterén  |a I.50244  |j 50244  |i 2720428050  |s Prezenčne 
090 |g SCKHL  |k Sklad Pribinova 2. posch.  |a II.12301  |j 28195  |i 169293-30  |s Prezenčne 
090 |g SCKHL  |k Sklad Pribinova 2. posch.  |a II.565  |j 3746  |i 169293-10  |s Prezenčne 
090 |g SCKHL  |k Sklad Pribinova 2. posch.  |a II.6937  |j 17330  |i 169293-20  |s Prezenčne 
090 |g SCKHL  |k Sklad Pribinova prízemie  |a I.12567  |j 167837  |i 2720382532  |s Prezenčne